[Event "SRB Central-chT qual"]
[Site "Nis"]
[Date "2014.10.02"]
[Round "1"]
[White "Marjanovic, Miroslav"]
[Black "Kostic, Nenad"]
[Result "1-0"]
[WhiteElo "2076"]
[BlackElo "2122"]
[PlyCount "73"]
[EventDate "2014.10.02"]
[EventType "team-tourn"]
[EventRounds "7"]
[EventCountry "SRB"]
[SourceTitle "CBM 163 Extra"]
[Source "ChessBase"]
[SourceDate "2014.12.23"]
[SourceVersion "1"]
[SourceVersionDate "2014.12.23"]
[SourceQuality "1"]

1. e4 d5 2. exd5 Nf6 3. d4 Qxd5 4. Nc3 Qa5 5. Bc4 Bg4 6. f3 Bf5 7. Bd2 Qb6 8. Bb3 Qxd4 9. Qe2 c6 10. 0-0-0 Nbd7 11. g4 Bg6 12. h4 h6 13. h5 Bh7 14. Bxh6 Qe5 15. Be3 Nc5 16. g5 Nxb3+ 17. axb3 Nd7 18. Nh3 Bf5 19. Nf2 e6 20. Kb1 Bc5 21. Bxc5 Qxe2 22. Nxe2 Nxc5 23. Nd4 0-0-0 24. Nxf5 exf5 25. h6 gxh6 26. Rxd8+ Kxd8 27. Rxh6 Rg8 28. f4 Re8 29. Rf6 Re1+ 30. Ka2 Re2 31. Nd3 Nxd3 32. cxd3 Ke7 33. Rxf5 Re3 34. d4 Re4 35. Re5+ Rxe5 36. dxe5 Ke6 37. b4 1-0

[Event "SRB-chT2 East"]
[Site "Serbia"]
[Date "2010.09.26"]
[Round "3"]
[White "Kostic, Nenad"]
[Black "Nikolic, Boban"]
[Result "1-0"]
[WhiteElo "2131"]
[BlackElo "2236"]
[PlyCount "39"]
[EventDate "2010.09.11"]
[EventType "team"]
[EventRounds "11"]
[EventCountry "SRB"]
[SourceTitle "EXT 2012"]
[Source "ChessBase"]
[SourceDate "2011.11.24"]
[SourceVersion "1"]
[SourceVersionDate "2011.11.24"]
[SourceQuality "1"]

1. e4 d6 2. d4 Nf6 3. Nc3 g6 4. f3 c6 5. g4 b5 6. a3 Nbd7 7. h4 e5 8. d5 cxd5 9. Nxd5 Nxd5 10. Qxd5 Rb8 11. Bg5 Qb6 12. h5 gxh5 13. Ne2 hxg4 14. Nc3 a6 15. 0-0-0 Nc5 16. Bf6 Rg8 17. b4 Ne6 18. fxg4 Qe3+ 19. Kb2 Bb7 20. Bxb5+ 1-0